Reengineering .NET / (Record no. 19787)
[ view plain ]
| 000 -LEADER | |
|---|---|
| fixed length control field | 01457cam a22002895a 4500 |
| 001 - CONTROL NUMBER | |
| control field | 17509506 |
| 005 - DATE AND TIME OF LATEST TRANSACTION | |
| control field | 20150628125042.0 |
| 008 - FIXED-LENGTH DATA ELEMENTS--GENERAL INFORMATION | |
| fixed length control field | 121026t2013 njuo fr 001 0 eng d |
| 020 ## - INTERNATIONAL STANDARD BOOK NUMBER | |
| International Standard Book Number | 9780321821454 |
| 020 ## - INTERNATIONAL STANDARD BOOK NUMBER | |
| International Standard Book Number | 0321821459 |
| 040 ## - CATALOGING SOURCE | |
| Original cataloging agency | DLC |
| Language of cataloging | eng |
| Transcribing agency | DLC |
| Modifying agency | EG-ScBUE |
| 082 04 - DEWEY DECIMAL CLASSIFICATION NUMBER | |
| Classification number | 006.7882 |
| Item number | IRB |
| Edition number | 22 |
| 100 1# - MAIN ENTRY--PERSONAL NAME | |
| Personal name | Irby, Brad. |
| 9 (RLIN) | 38192 |
| 245 10 - TITLE STATEMENT | |
| Title | Reengineering .NET / |
| Statement of responsibility, etc | Bradley Irby. |
| 246 34 - VARYING FORM OF TITLE | |
| Title proper/short title | Reengineering .NET : |
| Remainder of title | injecting quality, testability and architecture into existing systems |
| 260 ## - PUBLICATION, DISTRIBUTION, ETC. (IMPRINT) | |
| Place of publication, distribution, etc | Upper Saddle River : |
| Name of publisher, distributor, etc | Addison-Wesley / Pearson Education, |
| Date of publication, distribution, etc | c.2013. |
| 300 ## - PHYSICAL DESCRIPTION | |
| Extent | xxii, 372 p : |
| Dimensions | photographs ; |
| Other physical details | 24 cm. |
| 490 0# - SERIES STATEMENT | |
| Series statement | Windows development series |
| 500 ## - GENERAL NOTE | |
| General note | Index : p. 355-372. |
| 505 0# - FORMATTED CONTENTS NOTE | |
| Formatted contents note | Implementing a service-oriented architecture -- Understanding application architecture -- Unit testing -- Understanding the dependency inversion principle -- Using test doubles with unit tests -- Initial solution review -- Planning the project -- Identifying development tools and the build process -- Cleaning up legacy solutions -- Establishing the foundation -- Basic refactoring to services -- Advanced refactoring to services -- Refactoring to a controller -- Reengineering .NET projects with Visual Studio 2012. |
| 650 #0 - SUBJECT ADDED ENTRY--TOPICAL TERM | |
| Topical term or geographic name as entry element | Software reengineering. |
| Source of heading or term | BUEsh |
| 650 #0 - SUBJECT ADDED ENTRY--TOPICAL TERM | |
| Topical term or geographic name as entry element | Microsoft .NET Framework. |
| Source of heading or term | BUEsh |
| 651 ## - SUBJECT ADDED ENTRY--GEOGRAPHIC NAME | |
| Source of heading or term | BUEsh |
| 653 ## - INDEX TERM--UNCONTROLLED | |
| Resource For college | Informatics and Computer Science |
| Arrived date list | June2015 |
| 655 ## - INDEX TERM--GENRE/FORM | |
| Form subdivision | |
| -- | 34232 |
| 942 ## - ADDED ENTRY ELEMENTS (KOHA) | |
| Source of classification or shelving scheme | Dewey Decimal Classification |
| Call number prefix | 006.7882 IRB |
| Withdrawn status | Lost status | Source of classification or shelving scheme | Damaged status | Not for loan | Koha collection | Home library | Current library | Shelving location | Date acquired | Source of acquisition | Cost, normal purchase price | Serial Enumeration / chronology | Total Checkouts | Full call number | Barcode | Date last seen | Cost, replacement price | Koha item type |
|---|---|---|---|---|---|---|---|---|---|---|---|---|---|---|---|---|---|---|
| Dewey Decimal Classification | Alahram | Central Library | Central Library | Lower Floor | 21/06/2015 | 337.00 | 319 | 006.7882 IRB | 000038721 | 15/07/2025 | 421.25 | Book - Borrowing |